000 01057nam a22003017a 4500
001 BR2012001448
003 BR-BrBNA
005 20230928103901.0
007 ta
008 230509b bl.||||| |||| 00| 0 por d
040 _aBR-BrBNA
_bpor
_cBiblioteca Nacional de Agricultura
041 _a(Por)
072 _aL73
_b5214
_b4140
090 _ 5214 BR2012001448
100 1 _aNicolino, R.R.
110 1 _aUniversidade Federal de Minas Gerais, Belo Horizonte (Brasil). Escola de Veterinária
_0Tese (Mestre em Ciência Animal)
245 1 _aPrevalência de anticorpos anti-Neospora caninum e aglutininas anti-Leptospira em rebanhos leiteiros na microrregião de Sete Lagoas - Minas Gerais, 2009/2010
260 3 _aBelo Horizonte, MG (Brasil):
_c2011.
300 _a35 p.
500 _aSummaries (Eng, Por); Bibliography p. 31-35; 11 illus.; 6 tables
650 _aGADO LEITEIRO
650 _aNEOSPORA CANINUM
650 _aANTICORPO
650 _aAGLUTININA
650 _aMINAS GERAIS
909 _a202309
_bLucia
_c55
_dLucia Elande
942 _cBK
999 _c77074
_d77074